Derecho de obligaciones en Europa. Algunos rasgos de la evolución en las dos últimas décadas

Furkejuvvon:
Bibliográfalaš dieđut
Váldodahkki: Angel Yágüez, Ricardo de (autor)
Materiálatiipa: Girji
Almmustuhtton: Barcelona, España: Editorial Bosch, S.A., 2013.
Preanttus:Primera edición
Ráidu:Notariado hoy
Fáttát:
Fáddágilkorat: Lasit fáddágilkoriid
Eai fáddágilkorat, Lasit vuosttaš fáddágilkora!

MARC

LEADER 00000nam a22000007a 4500
003 CL-VaPUC
005 20220822114538.0
008 220704t2013 ||||| |||| 00| 0 eng d
999 |c 436630  |d 436628 
040 |c Pontificia Universidad Católica de Valparaíso 
082 |2 22  |a 346.02 ANG 2013 
100 1 |a Angel Yágüez, Ricardo de  |e autor  |9 872093 
245 |a Derecho de obligaciones en Europa.  |b  Algunos rasgos de la evolución en las dos últimas décadas 
250 |a Primera edición 
260 |a Barcelona, España:  |b Editorial Bosch, S.A.,  |c 2013. 
300 |a 180 páginas. 
440 |a Notariado hoy  |9 872094 
500 |a c.1 Donación Familia Prof. Alejandro Guzmán Brito. 
583 |c 20220704  |k Carolina Mena Serrano 
650 |a Derecho de obligaciones  |x Derecho civil  |x Derecho europeo  |9 872095 
650 |a Contratos  |x Obligaciones  |x Derecho contractual  |9 872096 
942 |2 ddc  |c BK  |n 0 
952 |0 0  |1 0  |2 ddc  |4 0  |6 346_020000000000000_ANG_2013  |7 1  |8 C_AGB  |9 584308  |a BIBDER  |b BIBDER  |d 2022-07-04  |i 5652146  |o 346.02 ANG 2013  |p 5652146  |r 2023-01-25  |t 1  |w 2022-07-04  |y BK_US  |k AGB